000 00515nam a2200217Ia 4500
003 0100
008 130303s9999 xx 000 0 und d
020 _a0631171193
040 _cARRUPELIB
050 _aP301.5.M48C66
100 _aCooper, David E.
245 _aMetaphor
260 _aOxford
260 _bBasil Blackwell
260 _C1986
300 _a282p.
300 _b 23 cm
440 _aAristotelian society series
650 _bChristian literature, Early (Collections)
942 _2lcc
_01
999 _c64395
_d64395